[Event "ROM-ch U12"]
[Site "Calimanesti Caciulata"]
[Date "2019.04.21"]
[Round "8"]
[White "Zafiu, George Razvan"]
[Black "Bogdan, Radu Mihai"]
[Result "1-0"]
[WhiteElo "1001"]
[BlackElo "1001"]
[PlyCount "85"]
[EventDate "2019.04.15"]
[EventType "swiss"]
[EventRounds "9"]
[EventCountry "ROU"]
[SourceTitle "CBM 190 Extra"]
[Source "ChessBase"]
[SourceDate "2019.07.15"]
[SourceVersion "1"]
[SourceVersionDate "2019.07.15"]
[SourceQuality "1"]

1. e4 e5 2. Nf3 Nc6 3. Bc4 Bc5 4. c3 Nf6 5. d4 exd4 6. cxd4 Bb4+ 7. Bd2 Nxe4 8. Bxb4 d5 9. Bxd5 Qxd5 10. Bc3 0-0 11. 0-0 Re8 12. Re1 Bg4 13. Nbd2 Ng5 14. Rxe8+ Rxe8 15. h3 Bxf3 16. Nxf3 Nxf3+ 17. Qxf3 Qxf3 18. gxf3 h5 19. Rd1 f5 20. d5 Ne7 21. d6 cxd6 22. Rxd6 Kf7 23. Rd7 Kg6 24. Rxb7 Nd5 25. Rxg7+ Kh6 26. Rxa7 Nxc3 27. bxc3 Rc8 28. Ra3 Kg5 29. Rb3 Kf4 30. Kg2 h4 31. Rb4+ Kg5 32. f4+ Kh5 33. Rb7 Rg8+ 34. Kf1 Kg6 35. a4 Ra8 36. Rb6+ Kg7 37. Rb4 Ra5 38. Rb5 Rxa4 39. Rxf5 Kg6 40. Rg5+ Kh6 41. Rc5 Rxf4 42. Rc6+ Kh5 43. c4 1-0